[Event "Gibraltar Open"]
[Site "Caleta ENG"]
[Date "2012.01.26"]
[Round "3.109"]
[White "Nuri, Kambez"]
[Black "Bihi, Mehdi"]
[Result "1-0"]
[WhiteTitle "FM"]
[WhiteElo "2256"]
[BlackElo "1919"]
[WhiteFideId "1311433"]
[BlackFideId "637076"]
[EventDate "2012.01.24"]

1. e4 c5 2. Nc3 Nc6 3. f4 e6 4. Nf3 d5 5. Bb5 Ne7 6. O-O a6 7. Bxc6+ Nxc6 8. d3
Be7 9. Qe1 O-O 10. Qg3 b5 11. f5 b4 12. Bh6 Bf6 13. e5 Nxe5 14. Nxe5 bxc3 15.
Nc6 Qd7 16. Bxg7 Bh4 17. Qxh4 Kxg7 18. Qg5+ 1-0

[Event "Gibraltar Open"]
[Site "Caleta ENG"]
[Date "2012.01.26"]
[Round "3.110"]
[White "Byron, Alan M"]
[Black "Pollo Mancilla, Ricardo"]
[Result "1-0"]
[WhiteElo "2241"]
[BlackElo "1450"]
[WhiteFideId "401773"]
[BlackFideId "22228446"]
[EventDate "2012.01.24"]

1. e4 c5 2. Nf3 d6 3. d4 cxd4 4. Nxd4 Nf6 5. Nc3 a6 6. Be2 e5 7. Nb3 Be6 8. Be3
Be7 9. f3 O-O 10. Qd2 d5 11. exd5 Nxd5 12. Nxd5 Qxd5 13. O-O-O Qxd2+ 14. Rxd2
Nc6 15. Kb1 Rad8 16. Rhd1 Rxd2 17. Rxd2 Rd8 18. Bd3 Nb4 19. Be4 Rxd2 20. Bxd2 b6
21. Be3 f5 22. Bb7 Bd5 23. Bc8 Bxb3 24. axb3 Bc5 25. Bxc5 bxc5 26. Be6+ Kf8 27.
Bxf5 g6 28. Be4 a5 29. c3 Na6 30. Ka2 Ke7 31. Ka3 Kd6 32. Ka4 Nc7 33. Kxa5 Ne6
34. b4 cxb4 35. Kxb4 Nf8 36. Kc4 g5 37. Bf5 h6 38. g4 Ne6 39. Bxe6 Kxe6 40. Kd3
Kd5 41. b4 1-0

[Event "Gibraltar Open"]
[Site "Caleta ENG"]
[Date "2012.01.26"]
[Round "3.112"]
[White "Riiser, Samuel"]
[Black "Pettersson, Anders1"]
[Result "0-1"]
[WhiteElo "1827"]
[BlackElo "2219"]
[WhiteFideId "1509470"]
[BlackFideId "1709771"]
[EventDate "2012.01.24"]

1. d4 d5 2. c4 e5 3. dxe5 d4 4. Nf3 Nc6 5. g3 Nge7 6. Bg2 Ng6 7. O-O Be7 8. Nbd2
Ngxe5 9. Nb3 Nxf3+ 10. Bxf3 Bf6 11. Qc2 h5 12. Qe4+ Kf8 13. e3 d3 14. Rd1 Ne5
15. Be2 Bg4 16. f3 dxe2 17. Rxd8+ Rxd8 18. Bd2 Nxf3+ 19. Kf2 Nxd2 20. Nxd2 Rxd2
21. Re1 Rxb2 22. Qd3 h4 23. Kg2 hxg3 24. hxg3 g6 0-1

[Event "Gibraltar Open"]
[Site "Caleta ENG"]
[Date "2012.01.26"]
[Round "3.114"]
[White "Neumanova, Monika"]
[Black "Obiamiwe, Paul"]
[Result "0-1"]
[WhiteElo "1696"]
[BlackElo "1982"]
[WhiteFideId "323918"]
[BlackFideId "8500215"]
[EventDate "2012.01.24"]

1. d4 Nf6 2. c4 g6 3. Nc3 Bg7 4. e4 O-O 5. f3 d6 6. Be3 c5 7. dxc5 dxc5 8. Qxd8
Rxd8 9. Bxc5 Nc6 10. Ba3 a5 11. Rd1 Be6 12. Nd5 Bxd5 13. cxd5 Nb4 14. Bxb4 axb4
15. Bc4 Nd7 16. Rd2 Nb6 17. Bb3 Na4 18. Ne2 Nxb2 19. O-O Rdc8 20. Rc1 Rxc1+ 21.
Nxc1 Bc3 22. Rc2 b5 23. Kf1 Nc4 24. Bxc4 bxc4 25. Ne2 b3 26. axb3 cxb3 27. Rxc3
b2 28. Rb3 Ra1+ 29. Kf2 b1=Q 30. Rxb1 Rxb1 31. Nd4 Kf8 32. Nc6 Ke8 33. Ne5 Rc1
34. Kg3 f6 35. Ng4 h5 36. Ne3 Rc3 37. Kf2 Kd7 38. h4 Kd6 39. Nd1 Rc2+ 40. Kg3
Ke5 41. Nf2 Rc3 42. Nh3 Rc8 43. Nf4 Rg8 44. Nd3+ Kd4 45. Nf4 Ke3 46. Nh3 g5 47.
hxg5 fxg5 48. Kh2 g4 49. Ng1 Kf2 50. g3 Ra8 0-1

[Event "Gibraltar Open"]
[Site "Caleta ENG"]
[Date "2012.01.26"]
[Round "3.115"]
[White "Jernselius, Kjell"]
[Black "Flynn, David"]
[Result "1/2-1/2"]
[WhiteElo "1858"]
[BlackElo "1973"]
[WhiteFideId "1712217"]
[BlackFideId "410594"]
[EventDate "2012.01.24"]

1. b4 e5 2. Bb2 Bxb4 3. f4 d6 4. fxe5 dxe5 5. Bxe5 Nf6 6. Nf3 O-O 7. g3 Nc6 8.
Bb2 Re8 9. Bg2 Qe7 10. c3 Bd6 11. d3 Ng4 12. e4 Ne3 13. Qe2 Nxg2+ 14. Qxg2 f5
15. Nbd2 fxe4 16. Nxe4 Bf5 17. Nd2 Ne5 18. O-O Bxe4 19. Qxe4 c6 20. Rae1 Qd7 21.
Nf3 Nxf3+ 22. Qxf3 Bc5+ 23. d4 Bb6 24. Ba3 h6 25. Kg2 Re6 26. Qf5 Rae8 27. Rxe6
Qxe6 28. Qxe6+ Rxe6 29. Rf8+ Kh7 30. Kf2 Kg6 31. Rf3 h5 32. h3 Ba5 33. Bb2 b5
34. Re3 Kf7 35. Ke2 Rg6 36. Kf3 Bc7 37. g4 hxg4+ 38. hxg4 Rf6+ 39. Ke2 Bd6 40.
Rf3 Bf4 41. Ba3 Kg6 42. Bc5 a6 43. Bb4 Rf7 44. Rf2 Kg5 45. Bd6 g6 46. Kd3 Kxg4
47. Rg2+ Kh5 48. Rf2 g5 49. Ke4 Kg4 50. Rg2+ Kh3 51. Rf2 Kg3 52. Rf3+ Kg4 53.
Be5 Re7 54. Rf1 Rf7 55. Rg1+ Kh5 56. Rf1 Kg6 57. Bxf4 Rxf4+ 58. Rxf4 gxf4 59.
Kxf4 Kf6 60. Ke4 Ke6 61. a3 Kd6 62. Ke3 Kd5 63. Kd3 c5 64. dxc5 Kxc5 65. a4 Kd5
66. Kd2 Kc4 67. Kc2 b4 1/2-1/2

[Event "Gibraltar Open"]
[Site "Caleta ENG"]
[Date "2012.01.26"]
[Round "3.116"]
[White "Frey, Matthias"]
[Black "Gallach Perez, Yago"]
[Result "1/2-1/2"]
[WhiteElo "1941"]
[BlackElo "1843"]
[WhiteFideId "1315030"]
[BlackFideId "2237598"]
[EventDate "2012.01.24"]

1. e4 e5 2. Nf3 Nc6 3. Bb5 Bc5 4. O-O Qf6 5. c3 Nge7 6. d3 h6 7. Be3 Bb6 8. Nbd2
O-O 9. Nc4 d6 10. Nxb6 axb6 11. Ne1 Qg6 12. f4 exf4 13. Bxf4 f5 14. Bc4+ Kh8 15.
Bg3 Bd7 16. exf5 Rxf5 17. d4 Rxf1+ 18. Bxf1 Rf8 19. Nf3 Bg4 20. Be2 Qe4 21. Qd2
Nd5 22. Re1 Qe3+ 23. Qxe3 Nxe3 24. Nh4 Rf6 25. Bd3 Nf5 26. Re8+ Kh7 27. h3 Bh5
28. Bxf5+ Rxf5 29. Nxf5 Bxe8 1/2-1/2

[Event "Gibraltar Open"]
[Site "Caleta ENG"]
[Date "2012.01.26"]
[Round "3.117"]
[White "Chidi, Lovinia Sylvia"]
[Black "Dimitrijevic, Dragan"]
[Result "0-1"]
[WhiteElo "1821"]
[BlackElo "1937"]
[WhiteFideId "1270574"]
[BlackFideId "822310"]
[EventDate "2012.01.24"]

1. e4 c5 2. Nf3 e6 3. d4 cxd4 4. Nxd4 Nf6 5. Nc3 d6 6. Be3 a6 7. a4 Be7 8. Be2
O-O 9. O-O Qc7 10. f4 Nc6 11. Bf3 Nxd4 12. Bxd4 e5 13. fxe5 dxe5 14. Be3 Be6 15.
Kh1 Rac8 16. Rc1 Qc6 17. Nd5 Bxd5 18. exd5 Qd7 19. c4 e4 20. Be2 h6 21. b3 b5
22. axb5 axb5 23. Ra1 Ra8 24. Qc2 Rfe8 25. h3 Qc7 26. Qd2 bxc4 27. bxc4 Bc5 28.
Rxa8 Rxa8 29. Bxc5 Qxc5 30. Qf4 Ra2 31. Bg4 Qxc4 32. Qb8+ Kh7 33. Qf4 Nxg4 34.
Qf5+ Kh8 35. hxg4 Qc2 36. Rg1 e3 37. Qxf7 e2 38. Qe8+ Kh7 39. Re1 Rb2 40. Kh2
Qd3 41. d6 Qxd6+ 42. g3 Qd3 43. Qf8 Rb1 44. Qf2 Rxe1 45. Qxe1 Qe4 0-1

[Event "Gibraltar Open"]
[Site "Caleta ENG"]
[Date "2012.01.26"]
[Round "3.118"]
[White "Auvinen, Esa"]
[Black "Forsa, Elise"]
[Result "1/2-1/2"]
[WhiteElo "1926"]
[BlackElo "1770"]
[WhiteFideId "501069"]
[BlackFideId "1500163"]
[EventDate "2012.01.24"]

1. e4 c5 2. Nf3 e6 3. d4 cxd4 4. Nxd4 a6 5. g3 b5 6. Bg2 Bb7 7. O-O Qc7 8. b3 d6
9. Bb2 Nd7 10. Nd2 Ngf6 11. Rc1 Rc8 12. c4 bxc4 13. Rxc4 Qb8 14. Rxc8+ Qxc8 15.
Qb1 Be7 16. Rc1 Qa8 17. b4 O-O 18. a3 Ne5 19. N4b3 Nc6 20. Qd3 Rd8 21. Qe2 Nd7
22. Nc4 Qb8 23. Nca5 Nxa5 24. Nxa5 Rc8 25. Rxc8+ Qxc8 26. Nxb7 Qxb7 27. h4 Qc8
28. Bf1 Nb8 29. Qg4 Bf8 30. Bd3 g6 31. Qf4 Nd7 32. Qc1 Qb7 33. Qc4 Nb8 34. a4
Nd7 35. b5 axb5 36. Qxb5 Qa7 37. a5 Be7 38. Ba3 Kf8 39. a6 Nc5 40. Bxc5 dxc5 41.
e5 Bd8 42. Qc6 Bc7 43. Qd7 Qb8 44. Be4 Qb6 45. Kg2 Bb8 46. Qc8+ Kg7 47. Qc6 Qb4
48. Bd3 Qb3 49. Qb5 Qxb5 50. Bxb5 h6 51. Kf3 g5 52. hxg5 hxg5 53. Ke4 f6 54.
exf6+ Kxf6 55. g4 Ke7 56. Kd3 Kd6 57. Kc4 Ba7 58. Be8 Ke7 59. Bg6 Kf6 60. Bh7
Ke5 61. f3 Kd6 62. Kb5 Kd7 63. Be4 Kd6 64. Bb7 Kd7 65. Bc6+ Kc7 66. Be8 Kd6 67.
Bf7 Kd7 1/2-1/2

[Event "Gibraltar Open"]
[Site "Caleta ENG"]
[Date "2012.01.26"]
[Round "3.119"]
[White "Kandic, Milan"]
[Black "Randlov, Carsten"]
[Result "1-0"]
[WhiteElo "2131"]
[BlackElo "1831"]
[WhiteFideId "926752"]
[BlackFideId "1437542"]
[EventDate "2012.01.24"]

1. e4 d6 2. d4 Nf6 3. Nc3 g6 4. f3 Bg7 5. Be3 O-O 6. Qd2 c6 7. Bh6 e5 8. Bxg7
Kxg7 9. O-O-O Qa5 10. Bc4 b5 11. Bb3 Nbd7 12. h4 Nb6 13. g4 b4 14. Nce2 Be6 15.
Kb1 c5 16. Bxe6 fxe6 17. dxe5 dxe5 18. h5 Rad8 19. Qc1 Rxd1 20. Qxd1 Nc4 21.
hxg6 hxg6 22. g5 Nh5 23. Qd7+ Rf7 24. Qxe6 b3 25. Qxc4 Qxa2+ 26. Kc1 Qa1+ 27.
Kd2 Rd7+ 28. Ke3 Nf4 29. Qc3 1-0

[Event "Gibraltar Open"]
[Site "Caleta ENG"]
[Date "2012.01.26"]
[Round "3.121"]
[White "Boesch, Heinz"]
[Black "Whatley, Stephen A J"]
[Result "1-0"]
[WhiteElo "1904"]
[BlackElo "1648"]
[WhiteFideId "4673824"]
[BlackFideId "420441"]
[EventDate "2012.01.24"]

1. c4 Nf6 2. g3 g6 3. Bg2 Bg7 4. Nc3 O-O 5. e4 d6 6. d3 c5 7. Nge2 Nc6 8. O-O
Nd7 9. Bg5 a6 10. Qd2 Re8 11. Nd5 b5 12. Rab1 b4 13. b3 Qa5 14. Bh6 Bxh6 15.
Qxh6 Bb7 16. Qd2 Qd8 17. f4 e6 18. Ne3 Qe7 19. Rbe1 Nd8 20. Kh1 f6 21. Ng1 e5
22. Nd5 Bxd5 23. exd5 Qg7 24. Bh3 a5 25. Nf3 Nf8 26. d4 cxd4 27. Nxd4 Nb7 28.
Ne6 Qe7 29. fxe5 fxe5 30. Qe3 Nd7 31. Nc7 Ndc5 32. Nxa8 Rxa8 33. Rf2 a4 34. Ref1
axb3 35. axb3 Ra6 36. Qh6 Ra8 37. Be6+ Nxe6 38. dxe6 Qe8 39. Rf7 Qc6+ 40. Kg1
Qc5+ 41. Kg2 Ra2+ 42. Kh3 1-0

[Event "Gibraltar Open"]
[Site "Caleta ENG"]
[Date "2012.01.27"]
[Round "4.2"]
[White "Brunello, Sabino"]
[Black "Short, Nigel D"]
[Result "1/2-1/2"]
[WhiteTitle "GM"]
[BlackTitle "GM"]
[WhiteElo "2581"]
[BlackElo "2677"]
[WhiteFideId "813613"]
[BlackFideId "400025"]
[EventDate "2012.01.24"]

1. d4 Nf6 2. Nf3 e6 3. c4 d5 4. g3 Bb4+ 5. Bd2 Be7 6. Bg2 O-O 7. O-O c6 8. Qc2
Nbd7 9. Bf4 a5 10. Rd1 a4 11. Ne5 Nxe5 12. dxe5 Nd7 13. cxd5 exd5 14. e4 d4 15.
Rxd4 Qb6 16. Rd1 Qa5 17. Nc3 a3 18. bxa3 Re8 19. Rd4 Nb6 20. a4 Be6 21. Rb1 Bc5
22. Rd3 h6 23. h4 Red8 24. Rxd8+ Rxd8 25. Bf1 Bb4 26. Qb2 Bc5 27. Qc2 Bb4 28.
Qb2 Bc5 1/2-1/2

[Event "Gibraltar Open"]
[Site "Caleta ENG"]
[Date "2012.01.27"]
[Round "4.10"]
[White "Rapport, Richard"]
[Black "Gustafsson, Jan"]
[Result "1-0"]
[WhiteTitle "GM"]
[BlackTitle "GM"]
[WhiteElo "2543"]
[BlackElo "2643"]
[WhiteFideId "738590"]
[BlackFideId "4625498"]
[EventDate "2012.01.24"]

1. d4 d5 2. c4 e6 3. Nc3 Be7 4. cxd5 exd5 5. Bf4 Nf6 6. e3 Bf5 7. Nge2 O-O 8.
Ng3 Be6 9. Bd3 c5 10. dxc5 Bxc5 11. O-O Nc6 12. Nb5 Bb6 13. Rc1 d4 14. e4 Ng4
15. Nf5 Nge5 16. Nbd6 Rb8 17. Bb5 g6 18. Re1 Qf6 19. Bxc6 bxc6 20. Qd2 Bd7 21.
Bxe5 Qxe5 22. Nc4 Qf6 23. Nxb6 axb6 24. Nxd4 c5 25. e5 Qd8 26. Nf3 Bc6 27. Qf4
Bxf3 28. Qxf3 Qd4 29. Qe2 Qd5 30. b3 Rbd8 31. Rcd1 Qc6 32. a4 Qe6 33. Qe3 Rfe8
34. f4 Rd5 35. Rxd5 Qxd5 36. h3 c4 37. bxc4 Qxc4 38. Qe4 Qc5+ 39. Kh2 b5 40. a5
b4 41. a6 Re7 42. Rb1 Ra7 43. e6 fxe6 44. Rxb4 Qd6 45. Rd4 Qxa6 46. Rd8+ Kf7 47.
Qe5 1-0

[Event "Gibraltar Open"]
[Site "Caleta ENG"]
[Date "2012.01.27"]
[Round "4.12"]
[White "Huschenbeth, Niclas"]
[Black "Howell, David W L"]
[Result "1/2-1/2"]
[WhiteTitle "IM"]
[BlackTitle "GM"]
[WhiteElo "2518"]
[BlackElo "2603"]
[WhiteFideId "24604747"]
[BlackFideId "410608"]
[EventDate "2012.01.24"]

1. e4 e5 2. Nf3 Nc6 3. Bb5 a6 4. Ba4 Nf6 5. d3 d6 6. c4 g6 7. Nc3 Bg7 8. Nd5 Bd7
9. O-O Nxd5 10. cxd5 Ne7 11. Bxd7+ Qxd7 12. d4 exd4 13. Nxd4 O-O 14. Be3 c6 15.
dxc6 Nxc6 16. Rc1 Ne5 17. h3 d5 18. exd5 Qxd5 19. Nf5 Qxa2 20. Nxg7 Rad8 21. Qe2
Kxg7 22. Bd4 f6 23. Bxe5 fxe5 24. Qxe5+ Kg8 25. Rc7 Rf7 26. Rfc1 Qd5 27. Qxd5
Rxd5 28. Rxf7 Kxf7 29. Rc7+ Kf6 30. Rxb7 h5 31. Rb6+ Kf5 32. Rxa6 Rd1+ 33. Kh2
Rd2 34. Rb6 Rxf2 35. Kg3 Rd2 36. Rb3 h4+ 37. Kf3 Kg5 38. Rb7 Rd3+ 39. Ke2 Rg3
40. Kf1 Kf5 41. Rf7+ Ke4 42. Rf2 g5 43. Re2+ Kf4 44. Rf2+ Ke4 45. Ke1 g4 46.
hxg4 Rxg4 47. Rc2 Rg3 48. Re2+ Kd4 49. Kf2 Rb3 50. Kg1 h3 51. gxh3 1/2-1/2

[Event "Gibraltar Open"]
[Site "Caleta ENG"]
[Date "2012.01.27"]
[Round "4.18"]
[White "Khurtsidze, Nino"]
[Black "Sargissian, Gabriel"]
[Result "1/2-1/2"]
[WhiteTitle "IM"]
[BlackTitle "GM"]
[WhiteElo "2444"]
[BlackElo "2683"]
[WhiteFideId "13600320"]
[BlackFideId "13300881"]
[EventDate "2012.01.24"]

1. d4 Nf6 2. c4 e6 3. Nc3 Bb4 4. e3 O-O 5. Bd3 d5 6. Ne2 c5 7. cxd5 cxd4 8. exd4
Nxd5 9. O-O Nc6 10. Nxd5 exd5 11. Nf4 Bd6 12. Be3 Bxf4 13. Bxf4 Qf6 14. Be3 Bf5
15. Be2 Rfe8 16. Qd2 Qg6 17. Rfe1 a5 18. a3 a4 19. Rac1 Na5 20. Qb4 Nc4 21. Bxc4
dxc4 22. Bf4 Be4 23. Bg3 h5 24. h4 Bd5 25. Qb5 Qc6 26. Qxc6 bxc6 27. f3 Be6 28.
Re5 f6 29. Re4 Rad8 30. Rce1 Kf7 31. Bc7 Rd5 32. R1e2 Bd7 33. Rxe8 Bxe8 34. Bb6
Bd7 35. Bc5 Be6 36. Kf2 Rd8 1/2-1/2

[Event "Gibraltar Open"]
[Site "Caleta ENG"]
[Date "2012.01.27"]
[Round "4.21"]
[White "Raznikov, Danny"]
[Black "Gupta, Abhijeet"]
[Result "1/2-1/2"]
[WhiteTitle "IM"]
[BlackTitle "GM"]
[WhiteElo "2436"]
[BlackElo "2652"]
[WhiteFideId "2811154"]
[BlackFideId "5010608"]
[EventDate "2012.01.24"]

1. d4 Nf6 2. c4 g6 3. Nc3 d5 4. Nf3 Bg7 5. cxd5 Nxd5 6. Bd2 O-O 7. Rc1 Nxc3 8.
Bxc3 Qd5 9. b3 Rd8 10. e3 c5 11. Bc4 Qh5 12. Ne5 Qxd1+ 13. Rxd1 Bxe5 14. dxe5
Rxd1+ 15. Kxd1 Be6 16. Kc2 Bxc4 17. bxc4 Nc6 18. Rb1 Rb8 19. g4 Kf8 20. h4 b6
21. f4 e6 22. a4 Ke7 23. Rb3 Kd7 24. Rb1 Kc7 25. Rh1 Rg8 26. Kd3 h5 27. g5 Rd8+
28. Ke2 Ne7 29. Ra1 Nf5 30. Be1 Kc6 31. Bf2 a6 32. Ra2 Rd7 33. Ra1 Ne7 34. e4
Nc8 35. Be3 Ne7 36. Rb1 Rd8 37. Rb2 Rb8 38. Rc2 Kc7 39. a5 bxa5 40. Bxc5 Nc6 41.
Bd6+ Kc8 42. Bxb8 Nd4+ 43. Kd2 Nxc2 44. Kxc2 Kxb8 45. Kb3 Kb7 46. Ka4 Kb6 47. f5
Kc5 48. f6 Kxc4 49. Kxa5 Kc5 50. Kxa6 Kc6 51. Ka7 Kc7 1/2-1/2

[Event "Gibraltar Open"]
[Site "Caleta ENG"]
[Date "2012.01.27"]
[Round "4.24"]
[White "Hanley, Craig A"]
[Black "Erdos, Viktor"]
[Result "0-1"]
[WhiteTitle "IM"]
[BlackTitle "GM"]
[WhiteElo "2421"]
[BlackElo "2634"]
[WhiteFideId "408514"]
[BlackFideId "719978"]
[EventDate "2012.01.24"]

1. d4 Nf6 2. c4 g6 3. g3 c6 4. b3 Bg7 5. Bb2 O-O 6. Bg2 d5 7. Nf3 dxc4 8. bxc4
c5 9. O-O Qb6 10. Qb3 Ne4 11. Ne5 cxd4 12. Qxb6 axb6 13. Bxd4 Nd7 14. Bxe4 Nxe5
15. Nc3 Nxc4 16. Bxg7 Kxg7 17. Bd5 Nd6 18. Rab1 Bh3 19. Rfc1 Rfc8 20. Bb3 Bf5
21. Ra1 Be4 22. f3 Bc6 23. Nd5 Bxd5 24. Bxd5 Rc5 25. Bb3 f5 26. Rd1 Kf6 27. Kf2
Rc3 28. Rab1 Rac8 29. Bd5 b5 30. Bb3 R8c6 31. Bd5 R6c5 32. Bb3 g5 33. Rd4 Rc1
34. Rxc1 Rxc1 35. h4 h6 36. hxg5+ hxg5 37. Rd5 Rh1 38. Kg2 Rb1 39. Kf2 Rb2 40.
Ke1 Rb1+ 41. Kf2 Rc1 42. Rd4 b6 43. Kg2 Rc5 44. Kf2 Re5 45. Kf1 Re3 46. Kf2 Rc3
47. Kg2 Nb7 48. g4 f4 49. Rd5 Nd6 50. Kf2 Rc5 51. Rd1 Ke5 52. Ke1 e6 53. Kf2 Nc4
54. Rd8 Na5 55. Rg8 Kf6 56. Rf8+ Ke7 57. Rg8 Nc6 58. Rg7+ Kf6 59. Rb7 Nd4 60.
Rxb6 Rc3 61. Ra6 Rc1 62. Rd6 Ke5 63. Rb6 Rh1 64. Kg2 Re1 65. Bxe6 Rxe2+ 66. Kf1
Re3 67. Bd7 Rxf3+ 68. Kg1 Ra3 69. Bxb5 Rxa2 70. Ra6 Nf3+ 0-1

[Event "Gibraltar Open"]
[Site "Caleta ENG"]
[Date "2012.01.27"]
[Round "4.26"]
[White "Nabaty, Tamir"]
[Black "Lund, Silas"]
[Result "1/2-1/2"]
[WhiteTitle "GM"]
[BlackTitle "IM"]
[WhiteElo "2563"]
[BlackElo "2414"]
[WhiteFideId "2809052"]
[BlackFideId "1405454"]
[EventDate "2012.01.24"]

1. e4 c5 2. Nc3 g6 3. h4 h5 4. d4 cxd4 5. Qxd4 Nf6 6. Bb5 Nc6 7. Bxc6 dxc6 8.
Qxd8+ Kxd8 9. Bg5 Nd7 10. a4 a5 11. Nf3 f6 12. Be3 e5 13. Nd2 Kc7 14. O-O-O b6
15. f4 Ba6 16. Nf3 Bh6 17. g3 Rae8 18. Rhe1 Rh7 19. b3 Bf8 20. Kb2 Bb4 21. Bd2
Rhe7 22. fxe5 Nxe5 23. Nxe5 fxe5 24. Nb1 Rf8 25. Bxb4 axb4 26. Re3 Rf2 27. Rd2
Ref7 28. Rxf2 Rxf2 29. Kc1 Rf1+ 30. Kb2 Kd6 31. Nd2 Rf2 32. Nf3 Be2 33. Ng5 c5
34. Nf7+ Ke6 35. Ng5+ Ke7 36. Kc1 Kd6 37. Nf7+ Rxf7 38. Rxe2 Rf3 39. Rd2+ Kc7
40. Rd3 Rxd3 1/2-1/2

[Event "Gibraltar Open"]
[Site "Caleta ENG"]
[Date "2012.01.27"]
[Round "4.27"]
[White "Karim, Ismael"]
[Black "Korchnoi, Viktor"]
[Result "1/2-1/2"]
[WhiteTitle "IM"]
[BlackTitle "GM"]
[WhiteElo "2405"]
[BlackElo "2558"]
[WhiteFideId "625736"]
[BlackFideId "1300016"]
[EventDate "2012.01.24"]

1. e4 e6 2. d4 d5 3. Nc3 Nf6 4. e5 Nfd7 5. f4 c5 6. Nf3 Nc6 7. Be3 Be7 8. Qd2
O-O 9. Be2 a6 10. O-O b5 11. a3 Qc7 12. Rad1 Bb7 13. Kh1 Rac8 14. dxc5 Nxc5 15.
Nd4 Ne4 16. Nxe4 dxe4 17. c3 Bc5 18. Nxc6 Qxc6 19. Bxc5 Qxc5 20. Qd4 Bd5 21.
Qxc5 Rxc5 22. Rd4 f6 23. exf6 gxf6 24. Kg1 Bc6 25. Rfd1 Kf7 26. Rd8 a5 27. Rxf8+
Kxf8 28. Kf2 Ke7 29. Ke3 f5 30. Kd4 Rd5+ 31. Ke3 Rc5 32. Kd4 1/2-1/2

[Event "Gibraltar Open"]
[Site "Caleta ENG"]
[Date "2012.01.27"]
[Round "4.29"]
[White "Kosintseva, Nadezhda"]
[Black "Bosboom, Manuel"]
[Result "1-0"]
[WhiteTitle "GM"]
[BlackTitle "IM"]
[WhiteElo "2537"]
[BlackElo "2394"]
[WhiteFideId "4134974"]
[BlackFideId "1000080"]
[EventDate "2012.01.24"]

1. e4 c5 2. Nf3 d6 3. d4 cxd4 4. Nxd4 Nf6 5. Nc3 a6 6. Bg5 e6 7. f4 Nbd7 8. Bc4
b5 9. Bxe6 fxe6 10. Nxe6 Qa5 11. Qd4 Bb7 12. O-O-O Kf7 13. Nxf8 Rhxf8 14. e5 b4
15. exf6 gxf6 16. Ne4 Bxe4 17. Qxe4 Kg7 18. Rxd6 Rf7 19. Qxa8 Qxa2 20. Rxa6 Qc4
21. Qc6 Qd4 22. Rd1 Qe3+ 23. Kb1 1-0

[Event "Gibraltar Open"]
[Site "Caleta ENG"]
[Date "2012.01.27"]
[Round "4.34"]
[White "Oberhofer, Andre"]
[Black "Salem, A.R. Saleh"]
[Result "1/2-1/2"]
[BlackTitle "GM"]
[WhiteElo "2299"]
[BlackElo "2505"]
[WhiteFideId "24654140"]
[BlackFideId "9301348"]
[EventDate "2012.01.24"]

1. e4 c5 2. c3 d6 3. d4 Nf6 4. dxc5 Nc6 5. Nd2 dxc5 6. Ngf3 g6 7. Be2 Bg7 8. O-O
O-O 9. Qc2 Qc7 10. Re1 Rb8 11. a4 a6 12. Nb3 Ng4 13. h3 Nge5 14. Nxe5 Nxe5 15.
Be3 c4 16. Nd4 b6 17. Nf3 Rd8 18. Nxe5 Bxe5 19. Rad1 Re8 20. Bg4 Bxg4 21. hxg4
b5 22. Rd5 Rb7 23. axb5 axb5 24. Red1 e6 25. Rc5 Qb8 26. Qe2 Bh2+ 27. Kf1 Bd6
28. Rc6 Bf8 29. g3 Qa8 30. Qf3 Qa2 31. Rd2 b4 32. cxb4 Bxb4 1/2-1/2

[Event "Gibraltar Open"]
[Site "Caleta ENG"]
[Date "2012.01.27"]
[Round "4.37"]
[White "Dvirnyy, Daniyyl"]
[Black "Sos Andreu, Eric"]
[Result "1-0"]
[WhiteTitle "IM"]
[WhiteElo "2492"]
[BlackElo "2113"]
[WhiteFideId "817570"]
[BlackFideId "22247017"]
[EventDate "2012.01.24"]

1. e4 c6 2. d4 d5 3. Nc3 dxe4 4. Bc4 Bf5 5. f3 exf3 6. Nxf3 e6 7. O-O Nf6 8. Ng5
Bg4 9. Qd3 Qd7 10. Nce4 Bh5 11. Rxf6 1-0

[Event "Gibraltar Open"]
[Site "Caleta ENG"]
[Date "2012.01.27"]
[Round "4.38"]
[White "Kyas, Juergen"]
[Black "Iturrizaga, Eduardo"]
[Result "0-1"]
[BlackTitle "GM"]
[WhiteElo "2195"]
[BlackElo "2649"]
[WhiteFideId "4618157"]
[BlackFideId "3901211"]
[EventDate "2012.01.24"]

1. e4 c5 2. Nf3 d6 3. d4 cxd4 4. Nxd4 Nf6 5. Nc3 Nc6 6. Be2 g6 7. Be3 Bg7 8. O-O
O-O 9. Qd2 Bd7 10. Rfd1 a6 11. a4 Rc8 12. f3 Na5 13. Nb3 Nc4 14. Bxc4 Rxc4 15.
a5 Qc7 16. Bb6 Qb8 17. Rac1 Rfc8 18. Be3 Be6 19. Nd4 Qc7 20. Nce2 Bd7 21. b3 Rc5
22. c4 Rxa5 23. Nc3 Rc5 24. Nde2 Rc6 25. Nd4 Rc5 26. Nde2 h5 27. Bxc5 Qxc5+ 28.
Kh1 Qb6 29. Rb1 Kh7 30. Nf4 Qd8 31. Nfd5 Ne8 32. Ne2 e6 33. Ndf4 h4 34. Nh3 Rc5
35. Qd3 b5 36. Nf2 bxc4 37. bxc4 Qc7 38. Rdc1 a5 39. Nd4 a4 40. Ne2 Qa7 41. Nd1
a3 42. Ndc3 h3 43. gxh3 d5 44. cxd5 exd5 45. Na2 dxe4 46. Qxe4 Re5 47. Qh4+ Kg8
48. Ng1 Be6 49. Nc3 Rc5 50. Qf2 Qa5 51. Na2 Rb5 52. Qe3 Rb2 53. Rc8 Rxb1 54.
Rxe8+ Kh7 55. Rxe6 fxe6 0-1

[Event "Gibraltar Open"]
[Site "Caleta ENG"]
[Date "2012.01.27"]
[Round "4.39"]
[White "Del Rio De Angelis, Salvador G."]
[Black "Seps, Monika"]
[Result "1-0"]
[WhiteTitle "GM"]
[BlackTitle "WIM"]
[WhiteElo "2531"]
[BlackElo "2182"]
[WhiteFideId "2203138"]
[BlackFideId "1308521"]
[EventDate "2012.01.24"]

1. d4 Nf6 2. c4 g6 3. Nc3 Bg7 4. e4 d6 5. f4 O-O 6. Nf3 Bg4 7. Be3 Nfd7 8. Be2
Nc6 9. e5 Bxf3 10. Bxf3 Na5 11. c5 Nc4 12. Qe2 Nxe3 13. Qxe3 c6 14. O-O Re8 15.
h4 dxc5 16. dxc5 Qa5 17. Ne4 Rad8 18. a3 Nf8 19. b4 Qc7 20. Be2 Ne6 21. Bc4 Nd4
22. h5 Rf8 23. hxg6 hxg6 24. Ng5 Bh6 25. f5 Bxg5 26. Qxg5 Qxe5 27. Rae1 Qf6 28.
Qxf6 exf6 29. fxg6 Kg7 30. gxf7 Rxf7 31. Bxf7 Kxf7 32. Rd1 Rd5 33. Kf2 Rf5+ 34.
Ke3 Nc2+ 35. Kd3 Rxf1 36. Rxf1 Nxa3 37. Rh1 Kg7 38. Ra1 Nb5 39. Kc4 Kf7 40. Rh1
b6 41. Ra1 Ke6 42. g4 Kd7 43. Ra2 Ke6 44. Ra6 Kd7 45. cxb6 axb6 46. Rxb6 Nc7 47.
Rb8 Ne6 48. Kd3 Nf4+ 49. Kd4 Ne6+ 50. Ke4 Nc7 51. Rb7 Kd6 52. Rxc7 1-0